000 00350 a2200157 4500
001 47559
020 _a9788594680044
040 _cAnchieta - Aquarius
100 _aLEVI, Clovis
240 1 0 _aAquilo que não se vê
_lpor
245 1 0 _aAquilo que não se vê
300 _a67p.
362 0 _a2016
650 4 _aLiteratura brasileira
942 _cBK
999 _c47559
_d47559